000
00304nam a22001337a 4500
003
SGT
082
_a
616.5
_b
I12V
100
_a
VISWANTH, VISHALAKSHI
245
_a
I A D V L CONCISE TB OF DERMATOLOGY
260
_a
INDIA
_b
WILEY
_c
2012
300
_a
424
650
_a
DERMATOLOGY
942
_2
ddc
_c
BK
_0
1
999
_c
14624
_d
14624